[Event "19th Hogeschool Zeeland Tournament"]
[Site "Vlissingen"]
[Date "2015.08.03"]
[Round "4"]
[Board "49"]
[White "Hahnen, Elke"]
[Black "Boelhouwer, Collin"]
[Result "0-1"]
[WhiteElo "1859"]
[BlackElo "2158"]
[PlyCount "136"]
[EventDate "2015.08.01"]
[EventRounds "9"]
[EventCountry "NED"]

1. e4 c5 2. Nf3 d6 3. d4 cxd4 4. Nxd4 Nf6 5. Bd3 Nc6 6. c3 e5 7. Nxc6 bxc6 8.
Bg5 Be7 9. h3 O-O 10. Nd2 d5 11. Qe2 h6 12. Bh4 Nd7 13. Bxe7 Qxe7 14. O-O Rb8
15. Nb3 Re8 16. Na5 Qd6 17. b4 Nf8 18. a3 f5 19. Qa2 Kh8 20. Rfd1 fxe4 21. Bxe4
Qf6 22. Bd3 e4 23. Bf1 Rd8 24. Qd2 Qg6 25. Qe3 Rb6 26. c4 Qf6 27. Rac1 Bf5 28.
cxd5 cxd5 29. Qd4 Qxd4 30. Rxd4 Ne6 31. Rd2 d4 32. Rc6 d3 33. Rxb6 axb6 34. Nc6
Rd6 35. Ne7 Bh7 36. g3 Nd4 37. Bg2 Nb3 38. Rd1 b5 39. g4 d2 40. Bf1 e3 41. Nf5
Bxf5 42. gxf5 exf2+ 43. Kxf2 Rd5 44. Ke3 Rxf5 45. Kd3 Rf3+ 46. Kc2 g5 47. Kb2
Re3 48. Kc2 Re1 49. Bg2 Re3 50. Bf1 h5 51. Kb2 Re1 52. Kc2 Kg7 53. Bg2 Re3 54.
Bf1 Kf6 55. Bxb5 Nd4+ 56. Kxd2 Rxa3 57. Bd3 Ke5 58. Re1+ Kd6 59. Rf1 Ne6 60.
Rf6 Ke5 61. Rf7 Nf4 62. Re7+ Kd6 63. Re3 Nd5 64. Re4 Nf4 65. Re3 Ra2+ 66. Bc2
Nd5 67. Re4 Ra1 68. Bd1 Rxd1+ 0-1

[Event "19th Hogeschool Zeeland Tournament"]
[Site "Vlissingen"]
[Date "2015.08.03"]
[Round "4"]
[Board "50"]
[White "Vermue, Albert"]
[Black "Ratsma, Midas"]
[Result "0-1"]
[WhiteElo "1845"]
[BlackElo "2150"]
[PlyCount "50"]
[EventDate "2015.08.01"]
[EventRounds "9"]
[EventCountry "NED"]

1. e4 e6 2. Nf3 d5 3. e5 c5 4. b4 d4 5. b5 a6 6. a4 Ne7 7. Na3 axb5 8. Bxb5+
Bd7 9. Qe2 Nd5 10. Bxd7+ Qxd7 11. Qb5 Rxa4 12. Rb1 Rb4 13. Rxb4 Nxb4 14. Qxd7+
Nxd7 15. c3 Nd3+ 16. Ke2 N3xe5 17. Nxe5 Nxe5 18. cxd4 cxd4 19. f4 Nc6 20. Nb5
Bc5 21. Bb2 O-O 22. Kd3 Rd8 23. Ra1 f6 24. Nc7 Kf7 25. Rc1 Bd6 0-1

[Event "19th Hogeschool Zeeland Tournament"]
[Site "Vlissingen"]
[Date "2015.08.04"]
[Round "5"]
[Board "9"]
[White "Wan, Yunguo"]
[Black "Brink, Barry"]
[Result "1-0"]
[WhiteElo "2472"]
[BlackElo "2302"]
[PlyCount "73"]
[EventDate "2015.08.01"]
[EventRounds "9"]
[EventCountry "NED"]

1. e4 c5 2. Nf3 a6 3. c3 e6 4. d4 d5 5. e5 Bd7 6. Bd3 cxd4 7. cxd4 Bb5 8. Bc2
Bb4+ 9. Bd2 a5 10. Nc3 Bc4 11. a3 Be7 12. h4 Nc6 13. Ne2 Qb6 14. Bc3 Nh6 15.
Nf4 Kd7 16. g4 f6 17. b3 Bb5 18. g5 fxe5 19. Nxe6 Kxe6 20. gxh6 gxh6 21. Nxe5
Nxe5 22. dxe5 Kd7 23. Qxd5+ Kc7 24. Bd4 Qc6 25. Qxc6+ Bxc6 26. Rg1 Rhg8 27. Ke2
Bb5+ 28. Ke3 Bxh4 29. Bxh7 Rge8 30. Rg7+ Re7 31. Rag1 Rae8 32. f4 Kb8 33. Rxe7
Bxe7 34. a4 Bc6 35. Be4 Rd8 36. Bxc6 bxc6 37. Rg6 1-0

[Event "19th Hogeschool Zeeland Tournament"]
[Site "Vlissingen"]
[Date "2015.08.04"]
[Round "5"]
[Board "13"]
[White "Prasanna, Raghuram Rao"]
[Black "Gijsen, Stief"]
[Result "1-0"]
[WhiteElo "2424"]
[BlackElo "2203"]
[PlyCount "67"]
[EventDate "2015.08.01"]
[EventRounds "9"]
[EventCountry "NED"]

1. e4 e5 2. Nf3 Nc6 3. Bb5 a6 4. Ba4 Nf6 5. d3 b5 6. Bb3 Be7 7. Nc3 d6 8. a4 b4
9. Nd5 Nxd5 10. Bxd5 Bd7 11. d4 O-O 12. dxe5 dxe5 13. Qd3 Bd6 14. O-O Qe8 15.
Bd2 a5 16. Rfe1 Rb8 17. Nh4 Nd4 18. Nf5 Nxf5 19. exf5 Kh8 20. Re3 Qc8 21. Be4
Rb6 22. Rh3 g6 23. Qg3 Be7 24. Qxe5+ Bf6 25. Qf4 Bg7 26. Qh4 h5 27. Rf3 Qd8 28.
Bg5 Bf6 29. fxg6 fxg6 30. Bxg6 Bg4 31. Rxf6 Rbxf6 32. Bxh5 Bxh5 33. Qxh5+ Kg7
34. Rd1 1-0

[Event "19th Hogeschool Zeeland Tournament"]
[Site "Vlissingen"]
[Date "2015.08.04"]
[Round "5"]
[Board "14"]
[White "Van Delft, Merijn"]
[Black "Hovenga, Alje"]
[Result "1-0"]
[WhiteElo "2410"]
[BlackElo "2232"]
[PlyCount "67"]
[EventDate "2015.08.01"]
[EventRounds "9"]
[EventCountry "NED"]

1. e4 c5 2. Nf3 Nc6 3. d4 cxd4 4. Nxd4 Nf6 5. Nc3 d6 6. Bg5 e6 7. Qd2 a6 8.
O-O-O Bd7 9. f3 h6 10. Be3 b5 11. Kb1 Ne5 12. Bd3 Rb8 13. g4 Nc4 14. Bxc4 bxc4
15. h4 g6 16. Nde2 Qc7 17. Ka1 Qb7 18. Rb1 e5 19. Rhe1 Be6 20. Rg1 d5 21. g5 d4
22. Nxd4 Rd8 23. Qf2 hxg5 24. Nxe6 fxe6 25. Rxg5 Bh6 26. Rxg6 Bxe3 27. Qxe3 Qf7
28. Qg5 Nh5 29. Qxe5 Qxg6 30. Qxh8+ Ke7 31. Qe5 Rd2 32. Qc7+ Kf8 33. Qxc4 Rxc2
34. Qxa6 1-0

[Event "19th Hogeschool Zeeland Tournament"]
[Site "Vlissingen"]
[Date "2015.08.04"]
[Round "5"]
[Board "15"]
[White "Linster, Philippe"]
[Black "Beshukov, Sergei"]
[Result "0-1"]
[WhiteElo "2219"]
[BlackElo "2382"]
[PlyCount "78"]
[EventDate "2015.08.01"]
[EventRounds "9"]
[EventCountry "NED"]

1. c4 c6 2. g3 d5 3. Bg2 Nf6 4. Nf3 g6 5. b3 Bg7 6. Bb2 O-O 7. O-O a5 8. d3 Na6
9. a3 Qb6 10. Nbd2 Bf5 11. Qc2 Rfd8 12. Rac1 Ne8 13. Bxg7 Nxg7 14. e4 dxe4 15.
dxe4 Bg4 16. c5 Qc7 17. Qc3 Bxf3 18. Nxf3 Ne6 19. b4 axb4 20. axb4 Qd7 21. Rfd1
Qxd1+ 22. Rxd1 Rxd1+ 23. Bf1 Nac7 24. Kg2 Nb5 25. Qe5 Na3 26. h4 h6 27. Be2 Rd7
28. h5 g5 29. Nh2 Nd4 30. Ng4 f6 31. Nxf6+ exf6 32. Qxf6 Nxe2 33. Qxh6 Nd4 34.
Qxg5+ Rg7 35. Qf6 Nab5 36. h6 Rc7 37. g4 Rf8 38. Qg6+ Kh8 39. f4 Ne2 0-1

[Event "19th Hogeschool Zeeland Tournament"]
[Site "Vlissingen"]
[Date "2015.08.04"]
[Round "5"]
[Board "16"]
[White "Van Overdam, Julian"]
[Black "Nicolai, Erik"]
[Result "1-0"]
[WhiteElo "2367"]
[BlackElo "2168"]
[PlyCount "93"]
[EventDate "2015.08.01"]
[EventRounds "9"]
[EventCountry "NED"]

1. e4 e5 2. Nf3 Nc6 3. d4 exd4 4. Nxd4 d6 5. Nc3 Nf6 6. g3 Bg4 7. Be2 Bxe2 8.
Ndxe2 Be7 9. O-O O-O 10. b3 Re8 11. Bb2 Bf8 12. f3 Ne5 13. Nd5 c6 14. Nxf6+
Qxf6 15. Kg2 Qe7 16. Nf4 Rad8 17. c4 Qd7 18. Qc2 Ng6 19. Nxg6 hxg6 20. Rad1 Qe6
21. Qd2 f6 22. Rfe1 g5 23. g4 Qf7 24. Re3 Re6 25. Rd3 Rde8 26. Qf2 c5 27. Rd5
b6 28. Bc3 Qg6 29. Qf1 Qf7 30. Be1 Re5 31. R5d3 R5e6 32. Bg3 Rd8 33. Rd5 Qc7
34. a4 a5 35. Qh1 Qf7 36. h4 gxh4 37. Qxh4 g5 38. Qh2 Qe7 39. Rh1 Qg7 40. Qg1
Qe7 41. Qd1 Bg7 42. Qd3 Bf8 43. Be1 Bg7 44. Bc3 Rd7 45. Rf5 Rd8 46. Qd5 Qd7 47.
Bxf6 1-0

[Event "19th Hogeschool Zeeland Tournament"]
[Site "Vlissingen"]
[Date "2015.08.04"]
[Round "5"]
[Board "17"]
[White "Kevlishvili, Robby"]
[Black "Grochal, Joey"]
[Result "1-0"]
[WhiteElo "2357"]
[BlackElo "2187"]
[PlyCount "63"]
[EventDate "2015.08.01"]
[EventRounds "9"]
[EventCountry "NED"]

1. e4 c5 2. Nf3 e6 3. d4 cxd4 4. Nxd4 Nc6 5. Nc3 Qc7 6. f4 a6 7. Nxc6 Qxc6 8.
Bd3 b5 9. Qe2 Bb7 10. Bd2 Rc8 11. a3 Be7 12. O-O-O Nf6 13. Rhe1 O-O 14. g4 d5
15. exd5 Nxd5 16. Nxd5 Qxd5 17. Bb4 Bxb4 18. Bxh7+ Kxh7 19. Rxd5 Bxd5 20. axb4
Rc4 21. Qd2 Rfc8 22. b3 Rc3 23. Kb2 Rf3 24. f5 Kg8 25. Re3 Rf1 26. Qe2 Rf4 27.
fxe6 fxe6 28. Rxe6 Rcf8 29. Re8 Bf3 30. Qe6+ Kh7 31. Rxf8 Rxf8 32. Qxa6 1-0

[Event "19th Hogeschool Zeeland Tournament"]
[Site "Vlissingen"]
[Date "2015.08.04"]
[Round "5"]
[Board "18"]
[White "Palit, Somak"]
[Black "Boucquet, Emile"]
[Result "1/2-1/2"]
[WhiteElo "2345"]
[BlackElo "2161"]
[PlyCount "46"]
[EventDate "2015.08.01"]
[EventRounds "9"]
[EventCountry "NED"]

1. e4 c5 2. Nf3 d6 3. c3 Nf6 4. h3 Bd7 5. Bd3 Bc6 6. Qe2 g6 7. Bc2 Qc7 8. O-O
Bg7 9. d4 O-O 10. Re1 e6 11. Na3 a6 12. Bf4 Nfd7 13. Nc4 e5 14. dxe5 dxe5 15.
Bg3 b5 16. Ne3 Qb7 17. Nd5 Bxd5 18. exd5 f5 19. Rad1 Re8 20. Ng5 Nf8 21. Ne6
Nxe6 22. dxe6 Qc6 23. Bh4 Qxe6 1/2-1/2

[Event "19th Hogeschool Zeeland Tournament"]
[Site "Vlissingen"]
[Date "2015.08.04"]
[Round "5"]
[Board "20"]
[White "De Jong, Migchiel"]
[Black "Stange, Sven"]
[Result "1-0"]
[WhiteElo "2319"]
[BlackElo "2108"]
[PlyCount "27"]
[EventDate "2015.08.01"]
[EventRounds "9"]
[EventCountry "NED"]

1. Nf3 Nf6 2. c4 e6 3. g3 b6 4. Bg2 Bb7 5. d4 Be7 6. O-O O-O 7. Re1 d6 8. Nc3
Ne4 9. Qc2 Nxc3 10. Ng5 Bxg5 11. Bxb7 Bxc1 12. bxc3 Bh6 13. Bxa8 c6 14. d5 1-0

[Event "19th Hogeschool Zeeland Tournament"]
[Site "Vlissingen"]
[Date "2015.08.04"]
[Round "5"]
[Board "21"]
[White "Verduyn, Frederic"]
[Black "Beerdsen, Thomas"]
[Result "0-1"]
[WhiteElo "2199"]
[BlackElo "2319"]
[PlyCount "68"]
[EventDate "2015.08.01"]
[EventRounds "9"]
[EventCountry "NED"]

1. c4 e5 2. g3 d6 3. Bg2 f5 4. Nc3 Nf6 5. d3 g6 6. e4 fxe4 7. dxe4 Bg7 8. Nge2
O-O 9. O-O Be6 10. b3 Qd7 11. Nd5 Nc6 12. Nxf6+ Rxf6 13. Be3 Ne7 14. Nc3 Rf7
15. Qd2 Raf8 16. Rad1 b6 17. Nd5 Nc6 18. Nb4 Nd8 19. Qc2 Bg4 20. Rd2 Bf3 21.
Nd3 Ne6 22. b4 Bxg2 23. Kxg2 Bf6 24. c5 Qc6 25. Qc4 dxc5 26. bxc5 Nd4 27. f3 b5
28. Qd5 Rd8 29. Qxd8+ Bxd8 30. Nxe5 Qxc5 31. Nxf7 Kxf7 32. Rxd4 Be7 33. Rc1 Qa3
34. Bf2 Qxc1 0-1

[Event "19th Hogeschool Zeeland Tournament"]
[Site "Vlissingen"]
[Date "2015.08.04"]
[Round "5"]
[Board "22"]
[White "Bezemer, Arno"]
[Black "Lam, Daniel King-Wai"]
[Result "0-1"]
[WhiteElo "2305"]
[BlackElo "2098"]
[PlyCount "100"]
[EventDate "2015.08.01"]
[EventRounds "9"]
[EventCountry "NED"]

1. e4 e6 2. d4 d5 3. Nd2 Be7 4. Ngf3 Nf6 5. e5 Nfd7 6. Bd3 c5 7. c3 Nc6 8. O-O
a5 9. a4 b6 10. Bb5 Bb7 11. Re1 Qc8 12. Nf1 Ba6 13. Bg5 h6 14. Bxc6 Qxc6 15.
Bxe7 Kxe7 16. Ng3 Qc8 17. Re3 Qg8 18. Ne1 Qh7 19. f4 h5 20. h4 Qg6 21. Qd2 Qg4
22. Qf2 Kd8 23. Nh1 Rh6 24. Rg3 Qxh4 25. Rxg7 Qxf2+ 26. Nxf2 Ke7 27. Nc2 Rg6
28. Rxg6 fxg6 29. Ne3 Rf8 30. g3 Nb8 31. b4 cxd4 32. cxd4 axb4 33. Rb1 Nc6 34.
Nc2 Bc4 35. Nxb4 Nxd4 36. Nbd3 Nb3 37. Kg2 Ra8 38. Nb2 Na5 39. g4 Be2 40. Kg3
Rc8 41. Nbd1 Nc4 42. Rb4 hxg4 43. Nc3 Bf3 44. a5 Ne3 45. Nxg4 Bxg4 46. axb6 Bf5
47. Nb5 Rb8 48. Ra4 Rxb6 49. Ra7+ Kd8 50. Nd6 Nc4 0-1

[Event "19th Hogeschool Zeeland Tournament"]
[Site "Vlissingen"]
[Date "2015.08.04"]
[Round "5"]
[Board "23"]
[White "Dardha, Arben"]
[Black "Van Midde, Jon"]
[Result "1-0"]
[WhiteElo "2297"]
[BlackElo "1977"]
[PlyCount "47"]
[EventDate "2015.08.01"]
[EventRounds "9"]
[EventCountry "NED"]

1. e4 e5 2. Nf3 Nc6 3. Nc3 Bb4 4. Nd5 Be7 5. c3 Nf6 6. Bd3 d6 7. Bc2 Be6 8.
Nxe7 Qxe7 9. d4 Bg4 10. d5 Nb8 11. Be3 Nbd7 12. h3 Bh5 13. Qe2 a6 14. O-O-O
O-O-O 15. g4 Bg6 16. Nd2 Nb8 17. f3 Nfd7 18. a4 b6 19. Bd3 Kb7 20. b4 f6 21. a5
Rc8 22. Kb2 bxa5 23. Ra1 c5 24. Rxa5 1-0

[Event "19th Hogeschool Zeeland Tournament"]
[Site "Vlissingen"]
[Date "2015.08.04"]
[Round "5"]
[Board "24"]
[White "Timmermans, Ivo"]
[Black "Van Foreest, Lucas"]
[Result "0-1"]
[WhiteElo "2183"]
[BlackElo "2293"]
[PlyCount "156"]
[EventDate "2015.08.01"]
[EventRounds "9"]
[EventCountry "NED"]

1. e4 c6 2. d4 d5 3. Nd2 dxe4 4. Nxe4 Nd7 5. Ng5 Ngf6 6. Bd3 g6 7. N1f3 Bg7 8.
O-O O-O 9. Re1 c5 10. Qe2 cxd4 11. Qxe7 Qxe7 12. Rxe7 Nd5 13. Re1 Nb4 14. Bf4
Nxd3 15. cxd3 h6 16. Ne4 b6 17. Rac1 Ba6 18. Rc7 Nc5 19. Nxc5 bxc5 20. Rd1 Rfc8
21. b3 Rxc7 22. Bxc7 Rc8 23. Bd6 Rc6 24. Bb8 Bf8 25. Kf1 Rb6 26. Bc7 Rb7 27.
Ba5 Bd6 28. h3 Rb5 29. Be1 Rb6 30. Ba5 Rc6 31. Ne1 Bc8 32. Bd2 Ra6 33. Ra1 Be6
34. Nc2 Bf8 35. Ke2 Bd5 36. Kf1 Kg7 37. Bc1 Be6 38. Bd2 g5 39. Bc1 Kg6 40. Bd2
f6 41. Bc1 Bd6 42. Bd2 Be7 43. Bc1 Bf8 44. Bd2 Bf5 45. Ne1 Be7 46. Ke2 Bd6 47.
Bc1 Bc7 48. Bd2 Kf7 49. Rc1 Bd6 50. Rc2 Be7 51. Bc1 Ke6 52. Bd2 Kd7 53. Bc1 Kd6
54. Bd2 Kd5 55. Bc1 Bf8 56. Bd2 Bd6 57. Bc1 Be7 58. Bd2 Bd8 59. Kd1 Bh7 60. Bc1
Bg6 61. Bd2 Bb6 62. Bc1 Ba5 63. Bd2 Bd8 64. Bc1 Bh5+ 65. f3 Bg6 66. Ke2 Be7 67.
Kf2 Bd6 68. g3 Bf5 69. g4 Bg6 70. f4 Bxf4 71. Bxf4 gxf4 72. Kf3 Re6 73. Ng2 Kd6
74. b4 Bxd3 75. bxc5+ Kc6 76. Rd2 Be4+ 77. Kxf4 Kxc5 78. Nh4 Kc4 0-1

[Event "19th Hogeschool Zeeland Tournament"]
[Site "Vlissingen"]
[Date "2015.08.04"]
[Round "5"]
[Board "25"]
[White "Lentjes, Noud"]
[Black "Neubronner, Jarred"]
[Result "1-0"]
[WhiteElo "2116"]
[BlackElo "2280"]
[PlyCount "89"]
[EventDate "2015.08.01"]
[EventRounds "9"]
[EventCountry "NED"]

1. e4 c5 2. Nf3 e6 3. d4 cxd4 4. Nxd4 a6 5. Bd3 Bc5 6. Nb3 Be7 7. c4 d6 8. O-O
Nf6 9. Nc3 O-O 10. Qe2 Nc6 11. f4 a5 12. Be3 a4 13. Nd2 Nd7 14. Rac1 Bf6 15.
Nf3 Nb4 16. Bb1 a3 17. b3 Bxc3 18. Rxc3 Qa5 19. Bd2 e5 20. f5 f6 21. Ne1 Rf7
22. Rh3 Qc5+ 23. Kh1 Rb8 24. Nd3 Nxd3 25. Bxd3 Nf8 26. b4 Qc7 27. c5 Re7 28.
Be3 b6 29. Rc1 bxc5 30. Bc4+ Kh8 31. bxc5 Bd7 32. Qd3 dxc5 33. Qd5 Ne6 34. Qd1
Nf8 35. Bb3 Bc6 36. Bxc5 Bxe4 37. Bxe7 Qxe7 38. Qg4 Qb7 39. Rhc3 g5 40. Rc7 Qa8
41. Qh3 Rd8 42. Qh6 Nd7 43. Rxd7 Rxd7 44. Qxf6+ Rg7 45. Rc7 1-0

[Event "19th Hogeschool Zeeland Tournament"]
[Site "Vlissingen"]
[Date "2015.08.04"]
[Round "5"]
[Board "26"]
[White "Yankelevich, Lev"]
[Black "Hoogland, Mike"]
[Result "0-1"]
[WhiteElo "2420"]
[BlackElo "2035"]
[PlyCount "144"]
[EventDate "2015.08.01"]
[EventRounds "9"]
[EventCountry "NED"]

1. d4 Nf6 2. c4 e6 3. Nc3 Bb4 4. e3 O-O 5. Bd3 d5 6. Nf3 c5 7. O-O Nc6 8. a3
Bxc3 9. bxc3 dxc4 10. Bxc4 Qc7 11. Bb2 e5 12. h3 Bf5 13. Qe2 Be4 14. Ba2 Rad8
15. Rfd1 h6 16. Rd2 Rd7 17. Rad1 Rfd8 18. Nxe5 Nxe5 19. dxe5 Rxd2 20. Rxd2 Rxd2
21. Qxd2 Qxe5 22. f3 Bf5 23. e4 Be6 24. Bb1 Bc4 25. f4 Qe7 26. e5 Nd7 27. Qe3
Nb6 28. Bc1 Bd5 29. Qg3 Kf8 30. f5 Nc4 31. Bf4 Nxa3 32. f6 gxf6 33. Bf5 Be6 34.
Bxh6+ Ke8 35. exf6 Qxf6 36. Qb8+ Qd8 37. Qe5 Nc4 38. Qe2 Qf6 39. Bxe6 Qxe6 40.
Qd3 b5 41. Bf4 a5 42. Qf3 Kf8 43. Qh5 Kg8 44. Qxc5 Qb6 45. Qxb6 Nxb6 46. Kf2 a4
47. Bc1 Nc4 48. Kf3 a3 49. Bxa3 Nxa3 50. Ke4 Kg7 51. g4 Kf6 52. h4 Nb1 53. Kd3
Ke5 54. h5 Kf6 55. h6 Kg6 56. g5 Kh7 57. Kc2 Na3+ 58. Kd3 Nc4 59. Ke4 Kg6 60.
Kd5 Nd2 61. Kd6 Ne4+ 62. Ke7 Nxg5 63. Kf8 Kxh6 64. Kg8 f5 65. Kh8 f4 66. c4
bxc4 67. Kg8 f3 68. Kh8 Kg6 69. Kg8 Ne6 70. Kh8 f2 71. Kg8 f1=Q 72. Kh8 Qf8#
 0-1

[Event "19th Hogeschool Zeeland Tournament"]
[Site "Vlissingen"]
[Date "2015.08.04"]
[Round "5"]
[Board "27"]
[White "Stillger, Bernhard"]
[Black "Audenaert, Bart"]
[Result "1-0"]
[WhiteElo "2279"]
[BlackElo "2025"]
[PlyCount "87"]
[EventDate "2015.08.01"]
[EventRounds "9"]
[EventCountry "NED"]

1. d4 Nf6 2. c4 g6 3. Nc3 d5 4. Nf3 Bg7 5. Qb3 dxc4 6. Qxc4 O-O 7. e4 a6 8. Be2
b5 9. Qb3 c5 10. dxc5 Bb7 11. e5 Nfd7 12. Be3 Nxe5 13. Nxe5 Bxe5 14. Rd1 Qc7
15. Nd5 Bxd5 16. Qxd5 Nc6 17. Bf3 Rac8 18. Qxc6 Qxc6 19. Bxc6 Rxc6 20. Rd2 f5
21. f4 Bf6 22. Ke2 a5 23. Kf3 Kf7 24. Rhd1 Rfc8 25. h3 Ke8 26. g4 e6 27. Rd7
Rd8 28. Rxd8+ Bxd8 29. a3 Bf6 30. b4 a4 31. Bd4 Be7 32. g5 Rc8 33. h4 Rd8 34.
Ke3 Rd5 35. Rh1 Kd7 36. h5 e5 37. Bxe5 Bxg5 38. Ke2 Ke6 39. hxg6 hxg6 40. Rg1
Bd8 41. Rxg6+ Kd7 42. c6+ Kc8 43. Rg7 Bc7 44. Rxc7+ 1-0

[Event "19th Hogeschool Zeeland Tournament"]
[Site "Vlissingen"]
[Date "2015.08.04"]
[Round "5"]
[Board "28"]
[White "Dijkstra, Arjan"]
[Black "Donovan, Linton"]
[Result "0-1"]
[WhiteElo "2051"]
[BlackElo "2276"]
[PlyCount "62"]
[EventDate "2015.08.01"]
[EventRounds "9"]
[EventCountry "NED"]

1. c4 e6 2. g3 d5 3. Bg2 c5 4. Nf3 Nc6 5. O-O Nf6 6. d3 Be7 7. Bg5 O-O 8. Nbd2
h6 9. Bxf6 Bxf6 10. Rb1 Rb8 11. a3 b5 12. Qc2 Qb6 13. b3 Bb7 14. Rfc1 Be7 15.
e4 Rfd8 16. Re1 dxe4 17. dxe4 a6 18. Rbd1 Qa5 19. cxb5 axb5 20. a4 Nb4 21. Qb1
bxa4 22. Nc4 Qa6 23. Na3 axb3 24. Qxb3 Rxd1 25. Rxd1 Bxe4 26. Bf1 Qa8 27. Ne5
Nc2 28. Nb5 Nd4 29. Qb2 Bf6 30. Rxd4 cxd4 31. Nd7 d3 0-1

[Event "19th Hogeschool Zeeland Tournament"]
[Site "Vlissingen"]
[Date "2015.08.04"]
[Round "5"]
[Board "29"]
[White "Wunnink, Michael"]
[Black "Van Der Eyk, Dick"]
[Result "1/2-1/2"]
[WhiteElo "2253"]
[BlackElo "2014"]
[PlyCount "130"]
[EventDate "2015.08.01"]
[EventRounds "9"]
[EventCountry "NED"]

1. d4 d5 2. c4 dxc4 3. e4 c5 4. d5 Nf6 5. Nc3 b5 6. Bf4 Ba6 7. e5 b4 8. exf6
bxc3 9. bxc3 gxf6 10. Nf3 Bg7 11. Be2 O-O 12. O-O Nd7 13. Nh4 Ne5 14. Be3 Qc8
15. f4 Ng6 16. Bg4 e6 17. Nxg6 hxg6 18. dxe6 fxe6 19. Qa4 Rb8 20. Be2 Rb2 21.
Bxc4 Bxc4 22. Qxc4 Qc6 23. Rf2 Rxf2 24. Bxf2 f5 25. Qxc5 Rc8 26. Qxa7 Qxc3 27.
Re1 e5 28. Qa6 Rc6 29. Qa8+ Rc8 30. Qd5+ Kh7 31. fxe5 Rc4 32. Qf3 Bxe5 33. Qxc3
Bxc3 34. Rc1 Rb4 35. Rxc3 Rb1+ 36. Be1 Rxe1+ 37. Kf2 Ra1 38. Ra3 Kh6 39. Ra6
Kg5 40. g3 Rc1 41. Re6 Rc2+ 42. Re2 Rc1 43. Kf3 Rc3+ 44. Re3 Rc2 45. h4+ Kh6
46. Ra3 Rc1 47. Kf4 Re1 48. Re3 Ra1 49. a3 Ra2 50. Ke5 Kg7 51. Kd5 Kf6 52. Kc4
g5 53. hxg5+ Kxg5 54. Rb3 Kg4 55. Kd4 Ra1 56. Ke5 Ra2 57. Rc3 Ra1 58. Rd3 Ra2
59. Kd5 Ra1 60. Re3 Ra2 61. Ke5 Ra1 62. Rc3 Ra2 63. Kf6 Ra1 64. Rc8 Kxg3 65.
Kxf5 Rxa3 1/2-1/2

[Event "19th Hogeschool Zeeland Tournament"]
[Site "Vlissingen"]
[Date "2015.08.04"]
[Round "5"]
[Board "30"]
[White "Galle, Andre"]
[Black "Van Den Berg, Ad"]
[Result "1/2-1/2"]
[WhiteElo "2002"]
[BlackElo "2225"]
[PlyCount "120"]
[EventDate "2015.08.01"]
[EventRounds "9"]
[EventCountry "NED"]

1. d4 Nf6 2. c4 c5 3. d5 e5 4. Nc3 d6 5. g3 g6 6. Bg2 Bg7 7. e4 O-O 8. Nf3 a6
9. a4 b6 10. O-O Ne8 11. Ne1 Ra7 12. Nd3 f5 13. a5 b5 14. cxb5 axb5 15. Nxb5
Rxa5 16. Na3 Nf6 17. Bd2 Ra7 18. f3 Ba6 19. Qc2 Raf7 20. Nc4 fxe4 21. fxe4 Ng4
22. Rxf7 Rxf7 23. Rf1 Rxf1+ 24. Bxf1 Qf8 25. Bg2 Bxc4 26. Qxc4 Bh6 27. Qc1 Na6
28. Bh3 Bxd2 29. Qxd2 Qh6 30. Qxh6 Nxh6 31. Be6+ Kf8 32. b3 Ke7 33. h4 Nc7 34.
Bc8 Ng8 35. Kf2 Nf6 36. Ke3 Nb5 37. b4 c4 38. Ba6 Ng4+ 39. Kf3 Nh2+ 40. Kg2 Nc7
41. Bxc4 Ng4 42. Kf3 Nh2+ 43. Ke2 Ng4 44. Nf2 Nf6 45. Kf3 Na8 46. g4 Nb6 47.
Bb5 h6 48. g5 hxg5 49. hxg5 Nh5 50. Nh3 Kf7 51. Kg4 Ke7 52. Kh4 Ng7 53. Nf2 Nh5
54. Nh3 Ng7 55. Kg4 Nh5 56. Kh4 Nc8 57. Be2 Ng7 58. Kg3 Nb6 59. Bb5 Nh5+ 60.
Kg4 Kf7 1/2-1/2

[Event "19th Hogeschool Zeeland Tournament"]
[Site "Vlissingen"]
[Date "2015.08.04"]
[Round "5"]
[Board "31"]
[White "Altenbernd, Dirk"]
[Black "Heltzel, Joost"]
[Result "0-1"]
[WhiteElo "1997"]
[BlackElo "2216"]
[PlyCount "116"]
[EventDate "2015.08.01"]
[EventRounds "9"]
[EventCountry "NED"]

1. c4 c5 2. g3 g6 3. Bg2 Bg7 4. Nc3 Nc6 5. Nf3 d6 6. d3 a6 7. O-O Rb8 8. a4 e5
9. h3 Nge7 10. Ne1 Be6 11. Nc2 d5 12. cxd5 Nxd5 13. Nxd5 Bxd5 14. Bxd5 Qxd5 15.
Ne3 Qe6 16. Kh2 O-O 17. Bd2 f5 18. Ng2 Rfd8 19. Ra3 b6 20. Re1 Kh8 21. Qc1 Nd4
22. Be3 Rd7 23. Rc3 Qa2 24. Ra3 Qf7 25. Rc3 Qf8 26. Kg1 Nc6 27. Ra3 a5 28. Kh2
Nb4 29. Bd2 Re8 30. Kg1 Rf7 31. f3 Rd7 32. Kh2 Rc8 33. Qc4 Rd4 34. Qc1 Qg8 35.
Ne3 Rdd8 36. Nc4 Qe6 37. Bg5 Rd7 38. Bd2 h5 39. Kg2 Kh7 40. Rh1 Rb8 41. Bg5 Re8
42. Bd2 Qc6 43. Kh2 Rdd8 44. Rf1 Rb8 45. Ra1 Qc7 46. Na3 Nc6 47. Nb5 Qd7 48.
Ra3 Nd4 49. Nc3 Bf8 50. Ra2 Nb3 51. Qc2 Nxd2 52. Qxd2 Bh6 53. Qc2 h4 54. g4 e4
55. f4 exd3 56. Qxd3 Qxd3 57. exd3 Rbd8 58. Rf3 Re3 0-1

[Event "19th Hogeschool Zeeland Tournament"]
[Site "Vlissingen"]
[Date "2015.08.04"]
[Round "5"]
[Board "32"]
[White "Polster, Christian"]
[Black "Goormachtigh, Johan"]
[Result "0-1"]
[WhiteElo "1989"]
[BlackElo "2191"]
[PlyCount "60"]
[EventDate "2015.08.01"]
[EventRounds "9"]
[EventCountry "NED"]

1. e4 c5 2. Nf3 e6 3. d4 cxd4 4. Nxd4 Nc6 5. Nc3 Qc7 6. Be3 a6 7. Qf3 Bd6 8.
O-O-O Be5 9. Qg4 Nf6 10. Qh4 Ne7 11. g3 d5 12. exd5 Ng6 13. d6 Qd8 14. Qh3 Bxd4
15. Bxd4 e5 16. Qg2 exd4 17. Rxd4 O-O 18. h4 Qb6 19. Rd2 Bd7 20. Bc4 Bc6 21.
Nd5 Nxd5 22. Bxd5 Ne5 23. Qe4 Nd7 24. Bxc6 Qxc6 25. Re1 Qxe4 26. Rxe4 Rac8 27.
b4 b5 28. a4 Rfd8 29. axb5 axb5 30. Rd5 Nf6 0-1

[Event "19th Hogeschool Zeeland Tournament"]
[Site "Vlissingen"]
[Date "2015.08.04"]
[Round "5"]
[Board "33"]
[White "Voege, Tobias"]
[Black "Van Rij, Gert"]
[Result "1-0"]
[WhiteElo "2191"]
[BlackElo "1989"]
[PlyCount "107"]
[EventDate "2015.08.01"]
[EventRounds "9"]
[EventCountry "NED"]

1. c4 c6 2. d4 d5 3. Nc3 Nf6 4. cxd5 cxd5 5. f3 Nc6 6. e4 e6 7. e5 Ng8 8. f4
Nh6 9. Nf3 Be7 10. Bd3 f5 11. exf6 Bxf6 12. Ne5 O-O 13. Be3 Nf5 14. Bxf5 exf5
15. O-O Na5 16. Qd3 Be6 17. b3 Rc8 18. Rac1 Nc6 19. Na4 Bxe5 20. fxe5 b6 21.
Qd2 Qe7 22. Nc3 Qb4 23. Ne2 Qxd2 24. Bxd2 Ne7 25. Bb4 Kf7 26. Nc3 Rfd8 27. Nb5
Rxc1 28. Rxc1 Rd7 29. Bxe7 Kxe7 30. Nd6 g6 31. Rc8 Rd8 32. Rc7+ Rd7 33. Rc3 f4
34. Kf2 g5 35. a4 Bf7 36. g3 fxg3+ 37. Kxg3 Bh5 38. Rc8 Ke6 39. b4 Rg7 40. a5
bxa5 41. bxa5 Be2 42. Kf2 Bd1 43. Ke1 Ba4 44. Rf8 Bc2 45. Rf6+ Kd7 46. Rf7+
Rxf7 47. Nxf7 g4 48. Kf2 Bf5 49. Kg3 Be6 50. Nd6 Ke7 51. Kf4 Kf8 52. Kg5 Kg7
53. Nf5+ Kf7 54. Nh6+ 1-0

[Event "19th Hogeschool Zeeland Tournament"]
[Site "Vlissingen"]
[Date "2015.08.04"]
[Round "5"]
[Board "34"]
[White "Boelhouwer, Collin"]
[Black "De Boer, Eelke"]
[Result "1-0"]
[WhiteElo "2158"]
[BlackElo "1976"]
[PlyCount "49"]
[EventDate "2015.08.01"]
[EventRounds "9"]
[EventCountry "NED"]

1. e4 e5 2. Nf3 Nc6 3. d4 exd4 4. Nxd4 Qf6 5. Be3 Bc5 6. c3 Nge7 7. Bc4 b6 8.
O-O Bb7 9. f4 O-O-O 10. Be2 g6 11. Qd2 Qg7 12. b4 Bxd4 13. cxd4 d5 14. e5 Nf5
15. Bf2 h5 16. Rc1 Rd7 17. Bb5 Nd8 18. Bxd7+ Kxd7 19. b5 Ne6 20. h4 f6 21. Nc3
Qh6 22. Ne2 g5 23. fxg5 fxg5 24. hxg5 Nxg5 25. Qc2 1-0